French impressionists and their circle
Enregistré dans:
| Auteur principal: | |
|---|---|
| Format: | Livre |
| Langue: | anglais |
| Publié: |
Nueva York
Harry N. Abrams
1953
|
| Édition: | 1a. ed |
| Collection: | The Pocket Library of Great Art, A7
|
| Sujets: | |
| Tags: |
Ajouter un tag
Pas de tags, Soyez le premier à ajouter un tag!
|
MARC
| LEADER | 00000cam a2200000 a 4500 | ||
|---|---|---|---|
| 001 | UCE0704 | ||
| 003 | CL-VaPUC | ||
| 008 | 140227e19530000us |||||||||||||||||eng|d | ||
| 082 | 0 | 4 | |a 759.4 |b WEC |2 21 |
| 100 | 0 | |a Wechsler, Herman J |e author |9 573075 | |
| 245 | 1 | 0 | |a French impressionists and their circle |
| 250 | |a 1a. ed | ||
| 300 | |a pág. irreg | ||
| 942 | |c BK | ||
| 945 | |d 20140227 11:27:00 |a dcastane | ||
| 260 | |a Nueva York |b Harry N. Abrams |c 1953 | ||
| 650 | 0 | |a Pintores franceses |9 340354 | |
| 650 | 0 | |a Pintura francesa |9 266122 | |
| 650 | 7 | |a IMPRESIONISMO |2 CL-VaPUC |9 324638 | |
| 650 | 7 | |a IMPRESIONISTAS |2 CL-VaPUC |9 449219 | |
| 583 | |a last modification |c 20140227 11:27:00 |k Rodrigo Vera | ||
| 490 | 0 | |a The Pocket Library of Great Art, A7 | |
| 999 | |c 354764 |d 354762 | ||
| 952 | |0 0 |1 0 |3 erb |4 0 |6 759_400000000000000_WEC_1953 |7 0 |8 A |9 460921 |a BIBART |b BIBART |i 5006058 |o 759.4 WEC 1953 |p 5006058 |r 2025-03-13 |w 2019-11-23 |y BK |z Catalogado en:20140227 |k ART | ||